Statistics for Diaspora-Algeria

Click here to take the quiz!

General Stats

  • This quiz has been taken 272 times
  • The average score is 5 of 5

Answer Stats

Number of immigrantsContinentCountry% Correct
4.000.000-5.000.000EuropeFrance
100%
67.335North AmericaCanada
98%
14.716North AmericaUnited States of America
94%
21.320EuropeGermany
85%
24.956EuropeUnited Kingdom
85%

Score Distribution

Percentile by Number Answered

Percent of People with Each Score

Your Score History

You have not taken this quiz